000 00497nam a2200157 i 4500
001 70155
003 ES-MaACL
005 20230906170732.0
007 t|
008 040719s1951 sp ||||1| spa d
100 1 _aGarcía Pavón, Francisco.
_955085
245 1 0 _aEstudios manchegos
_b: tres ensayos y una carta /
_cpor F. García Pavón.
260 _a[Jérez de la Frontera :
_bs.n.,
_c1951] (
_fImp. El Santo Escapulario)
300 _a64 p. ;
_c21 cm.
852 _aES-MaACL
_j1931-F-1
_bR.31635
999 _c70155
_d70155